Vplyv fintech na odstraňovanie rodových rozdielov v akumulácii majetku diplomová práca

Guardado en:
Detalles Bibliográficos
Autor principal: Greifová, Veronika
Autor Corporativo: Národohospodárska fakulta EU. Katedra financií
Otros Autores: Péliová, Jana, 1976-
Formato: Libro
Lenguaje:eslovaco
Publicado: Bratislava 2025
Etiquetas: Agregar Etiqueta
Sin Etiquetas, Sea el primero en etiquetar este registro!

MARC

LEADER 00000nbm a2200000 4500
001 0309378
005 20251017142429.5
041 0 |a slo 
044 |a SK 
245 1 0 |a Vplyv fintech na odstraňovanie rodových rozdielov v akumulácii majetku  |b diplomová práca  |c Veronika Greifová ; školiteľ: Jana Péliová 
264 1 |a Bratislava  |c 2025 
300 |a 71 s. 
100 1 |a Greifová, Veronika 
700 1 |a Péliová, Jana, 1976- 
710 2 |a Národohospodárska fakulta EU. Katedra financií